| 000 | 00566nab a2200193 a 4500 | ||
|---|---|---|---|
| 005 | 20210219160912.0 | ||
| 008 | 991125s1985 mx 000 0 spa u | ||
| 035 | _aUPN01000174991 | ||
| 100 | 1 | _aYoguez Seoane, Amalia | |
| 222 | _aREVISTA DE LA EDUCACION SUPERIOR | ||
| 245 | _a¿ Cómo se evalúan las universidades de clase mundial ? | ||
| 260 | _aMéxico | ||
| 300 | _a113-120 | ||
| 362 | 0 | _a2009 Vol. 38(2), no. 150, abr.-jun. | |
| 653 | 0 | _aEDUCACION SUPERIOR | |
| 653 | 0 | _aINSTITUCIONES EDUCATIVAS | |
| 653 | 0 | _aCALIDAD EDUCATIVA | |
| 905 | _aArticulo | ||
| 999 |
_c147095 _d147095 |
||